[Event "GRE-chT 50th"]
[Site "Nikaia"]
[Date "2023.08.29"]
[Round "6.4"]
[White "Samakas, Stavros"]
[Black "Kotsinis, Alexandros"]
[Result "1/2-1/2"]
[WhiteElo "1846"]
[BlackElo "2122"]
[PlyCount "111"]
[EventDate "2023.08.25"]
[EventType "team"]
[EventRounds "9"]
[EventCountry "GRE"]
[SourceTitle "EXT 2024"]
[Source "ChessBase"]
[SourceDate "2023.10.10"]
[SourceVersion "1"]
[SourceVersionDate "2023.10.10"]
[SourceQuality "1"]
[WhiteTeam "Kalamarias"]
[BlackTeam "Irakleiou"]
[WhiteTeamCountry "GRE"]
[BlackTeamCountry "GRE"]

1. e4 e5 2. Nf3 Nc6 3. Bc4 Bc5 4. c3 Nf6 5. d4 exd4 6. cxd4 Bb4+ 7. Nc3 Nxe4 8. 0-0 Bxc3 9. d5 Bf6 10. Re1 Ne7 11. Rxe4 d6 12. Bg5 Bxg5 13. Nxg5 h6 14. Qe2 hxg5 15. Re1 Be6 16. dxe6 f6 17. Re3 Kf8 18. Rb3 d5 19. Bd3 Qd6 20. h3 b6 21. Bb5 c6 22. Bd3 g6 23. Ra3 Kg7 24. Bc2 Rh4 25. Qa6 Qc7 26. Ree3 d4 27. Re4 f5 28. Re1 g4 29. Rg3 Rah8 30. Qa3 c5 31. Bd1 gxh3 32. gxh3 c4 33. Kg2 Qc5 34. Qxa7 f4 35. Re5 Qd6 36. Qd7 Qxd7 37. exd7 Kf6 38. Rgg5 Rd8 39. Bg4 Nf5 40. Rgxf5+ gxf5 41. Rxf5+ Ke7 42. Rxf4 d3 43. Re4+ Kd6 44. Kf1 Kd5 45. f3 Rh6 46. a4 Rd6 47. Ke1 Kc5 48. Kd2 R8xd7 49. Bxd7 Rxd7 50. h4 Rd6 51. h5 Kb4 52. Rh4 Rh6 53. Kc1 Kb3 54. Kd2 Kb4 55. Kc1 Kb3 56. Kd2 1/2-1/2

[Event "GRE-chT 50th"]
[Site "Nikaia"]
[Date "2023.08.26"]
[Round "3.4"]
[White "Samakas, Stavros"]
[Black "Apostolakakis, Konstantinos"]
[Result "1/2-1/2"]
[WhiteElo "1846"]
[BlackElo "2090"]
[PlyCount "97"]
[EventDate "2023.08.25"]
[EventType "team"]
[EventRounds "9"]
[EventCountry "GRE"]
[SourceTitle "EXT 2024"]
[Source "ChessBase"]
[SourceDate "2023.10.10"]
[SourceVersion "1"]
[SourceVersionDate "2023.10.10"]
[SourceQuality "1"]
[WhiteTeam "Kalamarias"]
[BlackTeam "Pneemathlon"]
[WhiteTeamCountry "GRE"]
[BlackTeamCountry "GRE"]

1. e4 c5 2. b3 d6 3. Bb2 Nf6 4. Bb5+ Nbd7 5. d3 e6 6. Ne2 Be7 7. 0-0 0-0 8. Bxd7 Nxd7 9. c4 a6 10. Nbc3 Rb8 11. Ng3 Bf6 12. Qd2 b5 13. Kh1 g6 14. f4 Bg7 15. Rab1 f5 16. Rbe1 Nf6 17. h3 Bd7 18. cxb5 axb5 19. e5 dxe5 20. fxe5 Ng4 21. hxg4 Qh4+ 22. Kg1 Qxg3 23. gxf5 gxf5 24. Ne2 Qg4 25. Rf3 Kh8 26. Rg3 Qh4 27. Rh3 Qe7 28. Nf4 Qg5 29. Qf2 Rf7 30. Rh5 Qg4 31. Re3 Qd1+ 32. Kh2 Kg8 33. Reh3 h6 34. Qg3 Qg4 35. Qf2 Kh7 36. Rg3 Qd1 37. Rg6 Qxh5+ 38. Nxh5 Kxg6 39. Nf4+ Kh7 40. Qg3 Re7 41. Qg6+ Kh8 42. Qg3 Be8 43. Qh4 Rbb7 44. d4 cxd4 45. Bxd4 Bf7 46. Bc5 Re8 47. Bd6 Kh7 48. Nh5 Bxh5 49. Qxh5 1/2-1/2

[Event "GRE-chT 49th"]
[Site "Thessaloniki"]
[Date "2022.08.13"]
[Round "2.8"]
[White "Tsekmes, Dimitrios"]
[Black "Samakas, Stavros"]
[Result "1-0"]
[WhiteElo "2154"]
[BlackElo "1875"]
[PlyCount "103"]
[EventDate "2022.08.12"]
[EventType "team-swiss"]
[EventRounds "7"]
[EventCountry "GRE"]
[SourceTitle "CBM 209 Extra"]
[Source "ChessBase"]
[SourceDate "2022.09.30"]
[SourceVersion "1"]
[SourceVersionDate "2022.09.30"]
[SourceQuality "1"]
[WhiteTeam "Neapolis Sykeon"]
[BlackTeam "Kalamarias"]
[WhiteTeamCountry "GRE"]
[BlackTeamCountry "GRE"]

1. e4 d5 2. exd5 Qxd5 3. Nc3 Qd6 4. d4 Nf6 5. Nf3 a6 6. g3 Bg4 7. h3 Bh5 8. Bg2 Nc6 9. d5 Nb4 10. Bf4 Qc5 11. Be3 Qd6 12. Qe2 Nbxd5 13. Nxd5 Qxd5 14. 0-0 0-0-0 15. g4 Bg6 16. Rfd1 Qa5 17. Rxd8+ Kxd8 18. Nd2 e6 19. Nc4 Qa4 20. b3 Qb4 21. c3 Qb5 22. a4 Qe8 23. Bxb7 Bd6 24. Nxd6 cxd6 25. Qxa6 Ke7 26. Rd1 Qb8 27. c4 Be4 28. Bxe4 Nxe4 29. Qc6 Qxb3 30. Rd4 f5 31. Kg2 h6 32. Rxe4 fxe4 33. Qc7+ Kf6 34. Bd4+ e5 35. Qxd6+ Kf7 36. Qd7+ Kg8 37. Qe6+ Kh7 38. Qf5+ Kg8 39. Qxe5 Qb7 40. Qb5 Qf7 41. Qe5 Qg6 42. a5 h5 43. g5 Kh7 44. a6 Re8 45. Qa5 e3 46. Bxe3 Qe4+ 47. Kh2 Qf3 48. Qb6 g6 49. a7 Ra8 50. Qc7+ Kg8 51. Bd4 Qf7 52. Qe5 1-0

[Event "GRE-chT Online ED & SA 2nd"]
[Site "Tornelo INT"]
[Date "2022.05.15"]
[Round "7"]
[White "Pasakaleris, Nikolaos"]
[Black "Samakas, Stavros"]
[Result "0-1"]
[WhiteElo "1337"]
[BlackElo "1690"]
[PlyCount "108"]
[EventDate "2022.05.14"]
[EventType "team-swiss (rapid)"]
[EventRounds "7"]
[EventCountry "GRE"]
[SourceTitle "EXT 2024"]
[Source "ChessBase"]
[SourceDate "2023.10.10"]
[SourceVersion "1"]
[SourceVersionDate "2023.10.10"]
[SourceQuality "1"]

1. d4 Nf6 2. c4 e6 3. Nf3 b6 4. Bg5 Be7 5. e3 Bb7 6. Nc3 0-0 7. Bd3 h6 8. Bh4 d5 9. a3 Nbd7 10. 0-0 Rc8 11. b4 c5 12. bxc5 bxc5 13. dxc5 Nxc5 14. cxd5 Nxd5 15. Nxd5 Bxd5 16. Bxe7 Qxe7 17. Be2 Rfd8 18. Qb1 Na4 19. Qb4 Qxb4 20. axb4 Nc3 21. Ba6 Rb8 22. Ra3 Ne4 23. Rb1 Rd7 24. Nd4 Nd6 25. Be2 Rdb7 26. b5 Kf8 27. Ra6 Ke7 28. f3 e5 29. e4 exd4 30. exd5 Nxb5 31. Bxb5 Rxb5 32. Rxb5 Rxb5 33. Rxa7+ Kf6 34. Ra6+ Ke5 35. d6 Rd5 36. Kf2 d3 37. Ke1 d2+ 38. Kd1 Kf4 39. Ra2 Rxd6 40. Rxd2 Rf6 41. Ke2 g5 42. g3+ Kf5 43. Ra2 Re6+ 44. Kf2 Rc6 45. Ra5+ Kg6 46. g4 h5 47. h3 h4 48. f4 Rc2+ 49. Kg1 gxf4 50. Rh5 f3 51. Rxh4 Kg5 52. Rh5+ Kf4 53. Rf5+ Kg3 54. Rxf7 Rc1# 0-1

[Event "GRE-chT Online ED & SA 2nd"]
[Site "Tornelo INT"]
[Date "2022.05.14"]
[Round "4"]
[White "Samakas, Stavros"]
[Black "Karagiannis, Alexandros Anastasi"]
[Result "1-0"]
[WhiteElo "1690"]
[BlackElo "1335"]
[PlyCount "91"]
[EventDate "2022.05.14"]
[EventType "team-swiss (rapid)"]
[EventRounds "7"]
[EventCountry "GRE"]
[SourceTitle "EXT 2024"]
[Source "ChessBase"]
[SourceDate "2023.10.10"]
[SourceVersion "1"]
[SourceVersionDate "2023.10.10"]
[SourceQuality "1"]

1. e4 d5 2. exd5 Qxd5 3. Nc3 Qa5 4. d4 c6 5. Bc4 Bf5 6. Bd2 e6 7. Nf3 Nf6 8. 0-0 Be7 9. Nd5 Qd8 10. Nxe7 Qxe7 11. a3 0-0 12. Bb4 Qe8 13. Nh4 Bg4 14. f3 Bh5 15. g4 Bg6 16. Nxg6 hxg6 17. Bxf8 Qxf8 18. Qe2 Nbd7 19. Kg2 Nb6 20. Bb3 Nbd5 21. f4 Qd6 22. Qf3 Re8 23. c4 Ne7 24. Rad1 Nh7 25. h3 g5 26. c5 Qc7 27. Qg3 gxf4 28. Qxf4 Nd5 29. Bxd5 Qxf4 30. Rxf4 exd5 31. Rd2 Ng5 32. h4 Ne4 33. Re2 f6 34. Kf3 g5 35. hxg5 fxg5 36. Rfxe4 dxe4+ 37. Rxe4 Rf8+ 38. Ke3 Rf7 39. Re5 Rg7 40. Ke4 Kh7 41. Kf5 Rd7 42. Kxg5 Rxd4 43. Re7+ Kg8 44. Rxb7 Rc4 45. b4 a5 46. Kh5 1-0

[Event "Thessaloniki-Chalkidiki-chT B local"]
[Site "Thessaloniki"]
[Date "2019.03.17"]
[Round "8.1"]
[White "Samakas, Stavros"]
[Black "Haritakis, Theodoros"]
[Result "0-1"]
[WhiteElo "1782"]
[BlackElo "2150"]
[PlyCount "46"]
[EventDate "2019.01.13"]
[EventType "team-swiss"]
[EventRounds "9"]
[EventCountry "GRE"]
[SourceTitle "EXT 2020"]
[Source "ChessBase"]
[SourceDate "2019.10.17"]
[SourceVersion "1"]
[SourceVersionDate "2019.10.17"]
[SourceQuality "1"]

1. e4 e6 2. d4 d5 3. Nc3 Nf6 4. e5 Nfd7 5. f4 c5 6. Nf3 Nc6 7. Be3 cxd4 8. Nxd4 Bc5 9. Qd2 0-0 10. 0-0-0 a6 11. Nb3 Bb4 12. Bd3 b5 13. g4 Bb7 14. Rhg1 Rc8 15. Qf2 Bxc3 16. bxc3 b4 17. Nc5 Nxc5 18. Bxc5 bxc3 19. Bxf8 Qxf8 20. Rdf1 Nb4 21. Rg3 Nxa2+ 22. Kd1 Qa3 23. Qe3 d4 0-1

[Event "Heraklion Gazi op 12th"]
[Site "Malevizi"]
[Date "2016.08.02"]
[Round "6"]
[White "Samakas, Stavros"]
[Black "Serpetsidakis, Nikolaos"]
[Result "0-1"]
[WhiteElo "1753"]
[BlackElo "1983"]
[PlyCount "56"]
[EventDate "2016.07.28"]
[EventType "swiss"]
[EventRounds "9"]
[EventCountry "GRE"]
[SourceTitle "CBM 173 Extra"]
[Source "ChessBase"]
[SourceDate "2016.08.29"]
[SourceVersion "1"]
[SourceVersionDate "2016.08.29"]
[SourceQuality "1"]

1. d4 Nf6 2. Nf3 g6 3. Bf4 Bg7 4. Nbd2 0-0 5. h3 d6 6. e4 Nbd7 7. Bc4 e5 8. dxe5 dxe5 9. Be3 Qe7 10. c3 a5 11. a4 b6 12. 0-0 Bb7 13. Bd3 Nc5 14. Bxc5 Qxc5 15. Qe2 Nh5 16. Nb3 Qe7 17. Bc4 Nf4 18. Qc2 Kh8 19. Nbd2 f5 20. Kh2 Qf6 21. Rfe1 Rae8 22. Rad1 Bh6 23. b4 Nxg2 24. Kxg2 fxe4 25. Rxe4 Bxd2 26. Nxd2 Qxf2+ 27. Kh1 Rf3 28. Bf1 Rg3 0-1

[Event "GRE-ch U18"]
[Site "Thessaloniki"]
[Date "2014.01.05"]
[Round "5"]
[White "Papakonstantinou, Dimitrios"]
[Black "Samakas, Stavros"]
[Result "1-0"]
[WhiteElo "1929"]
[BlackElo "1621"]
[PlyCount "113"]
[EventDate "2014.01.02"]
[EventType "swiss"]
[EventRounds "9"]
[EventCountry "GRE"]
[SourceTitle "EXT 2017"]
[Source "ChessBase"]
[SourceDate "2016.10.25"]
[SourceVersion "1"]
[SourceVersionDate "2016.10.25"]
[SourceQuality "1"]

1. d4 d5 2. c4 e6 3. Nc3 Nf6 4. cxd5 exd5 5. Bf4 Bd6 6. Bxd6 Qxd6 7. Qc2 0-0 8. e3 Bg4 9. Bd3 Nbd7 10. h3 Bh5 11. Nge2 Bxe2 12. Nxe2 Qb4+ 13. Qd2 Qxd2+ 14. Kxd2 c5 15. dxc5 Nxc5 16. f3 Ne6 17. Rac1 Rac8 18. Bf5 g6 19. Bxe6 fxe6 20. Nd4 e5 21. Ne6 Rfe8 22. Rxc8 Rxc8 23. Rc1 Re8 24. Nc7 Rd8 25. Ne6 Re8 26. Nc5 Re7 27. Nd3 Kf7 28. Ke2 Ke6 29. b4 Kd6 30. Rd1 Rc7 31. Rc1 Rxc1 32. Nxc1 Nd7 33. Kd3 Nf8 34. Ne2 Ne6 35. Kc3 b5 36. g3 g5 37. g4 a6 38. Kd3 Nd8 39. Ng3 Nc6 40. Nf5+ Ke6 41. a3 Ne7 42. Ng7+ Kf7 43. Nh5 Ng6 44. Ng3 Ke6 45. Nf1 Nh4 46. Ke2 Ng6 47. Nd2 Nf8 48. Nb3 Nd7 49. Kd3 Kd6 50. Ke2 Kc6 51. f4 gxf4 52. exf4 exf4 53. Kf3 Kd6 54. Kxf4 Ke6 55. h4 Kf6 56. Nc5 Ne5 57. g5+ 1-0

[Event "GRE-ch U18"]
[Site "Thessaloniki"]
[Date "2014.01.03"]
[Round "3"]
[White "Koutsidi, Amalia"]
[Black "Samakas, Stavros"]
[Result "0-1"]
[WhiteElo "1383"]
[BlackElo "1621"]
[PlyCount "130"]
[EventDate "2014.01.02"]
[EventType "swiss"]
[EventRounds "9"]
[EventCountry "GRE"]
[SourceTitle "EXT 2017"]
[Source "ChessBase"]
[SourceDate "2016.10.25"]
[SourceVersion "1"]
[SourceVersionDate "2016.10.25"]
[SourceQuality "1"]

1. e4 d5 2. exd5 Nf6 3. Bb5+ Bd7 4. Be2 Nxd5 5. Nf3 Bf5 6. a3 e6 7. d4 Be7 8. c4 Nb6 9. Nc3 c6 10. Be3 N8d7 11. b4 0-0 12. 0-0 Bg4 13. Qb3 h6 14. h3 Bh5 15. a4 Qc7 16. Rfd1 Rfd8 17. Rac1 Nf6 18. a5 Nbd7 19. Rd2 b6 20. Ra1 bxa5 21. Rxa5 Rdb8 22. Ra4 Qd6 23. c5 Qc7 24. Qa3 Nd5 25. Nxd5 exd5 26. g3 g5 27. g4 Bg6 28. Qc3 Nf6 29. Bd3 Bxd3 30. Qxd3 Ne4 31. Rda2 Rb5 32. Qa3 Rb7 33. Nd2 Nxd2 34. Rxd2 Qd7 35. Ra6 Rab8 36. Rb2 Kg7 37. Qa4 Rc8 38. Ra2 Rcc7 39. f3 Qe6 40. Bf2 Bf6 41. Qb3 h5 42. Qc3 hxg4 43. hxg4 Be7 44. Bg3 Rd7 45. Rb2 Rb5 46. Rba2 Rdb7 47. Rb2 Bf6 48. Bf2 Bd8 49. Qa3 Bc7 50. Rxa7 Bf4 51. Rxb7 Rxb7 52. Qd3 Ra7 53. Qe2 Ra1+ 54. Kg2 Qh6 55. Bg1 Qh4 56. Qf2 Bg3 57. Qe2 Re1 58. Qd2 Bf4 59. Qf2 Bg3 60. Qd2 Bf4 61. Qf2 Be3 62. Qxe3 Rxe3 63. Bxe3 Qe1 64. Bxg5 Qc3 65. Rb1 Qc2+ 0-1

[Event "GRE-ch U16"]
[Site "Patras"]
[Date "2013.07.14"]
[Round "9.10"]
[White "Samakas, Stavros"]
[Black "Grigoriadis, Mihail"]
[Result "1/2-1/2"]
[WhiteElo "1564"]
[BlackElo "1914"]
[PlyCount "48"]
[EventDate "2013.07.08"]
[EventType "swiss"]
[EventRounds "9"]
[EventCountry "GRE"]
[SourceTitle "EXT 2024"]
[Source "ChessBase"]
[SourceDate "2023.10.10"]
[SourceVersion "1"]
[SourceVersionDate "2023.10.10"]
[SourceQuality "1"]

1. e4 c5 2. Nf3 d6 3. d4 cxd4 4. Nxd4 Nf6 5. Nc3 a6 6. Be3 e5 7. Nb3 Be6 8. f3 Nbd7 9. Qd2 Be7 10. 0-0-0 0-0 11. g4 b5 12. g5 Ne8 13. f4 b4 14. Ne2 a5 15. f5 a4 16. fxe6 axb3 17. exf7+ Rxf7 18. cxb3 Rxa2 19. Ng3 Rxf1 20. Rhxf1 Ra1+ 21. Kc2 Qc8+ 22. Kd3 Qa6+ 23. Kc2 Qc8+ 24. Kd3 Qa6+ 1/2-1/2

[Event "GRE-chT U16"]
[Site "Patras"]
[Date "2012.12.17"]
[Round "5.2"]
[White "Samakas, Stavros"]
[Black "Zisiadis, Dimitrios"]
[Result "1/2-1/2"]
[WhiteElo "1495"]
[BlackElo "1727"]
[PlyCount "149"]
[EventDate "2012.12.15"]
[EventType "team"]
[EventRounds "5"]
[EventCountry "GRE"]
[SourceTitle "EXT 2020"]
[Source "ChessBase"]
[SourceDate "2019.10.17"]
[SourceVersion "1"]
[SourceVersionDate "2019.10.17"]
[SourceQuality "1"]

1. e4 c5 2. b3 Nc6 3. Bb2 e5 4. Nc3 d6 5. Bb5 a6 6. Bxc6+ bxc6 7. Nge2 Qg5 8. 0-0 Bh3 9. Ng3 Be6 10. d3 h5 11. Qc1 Qxc1 12. Bxc1 g6 13. Bd2 Bg7 14. Nge2 Ne7 15. f4 exf4 16. Nxf4 Kd7 17. Rae1 Rhf8 18. Na4 Rab8 19. e5 Nf5 20. exd6 Kxd6 21. Nxg6 Bd4+ 22. Kh1 fxg6 23. Bf4+ Kd7 24. Bxb8 Rxb8 25. c3 Be3 26. Rxf5 Bxf5 27. Rxe3 Kd6 28. Kg1 Be6 29. Nxc5 Bf5 30. Ne4+ Kd5 31. Ng3 Bg4 32. Kf2 Rf8+ 33. Ke1 a5 34. h3 Bd7 35. Ke2 c5 36. Re7 Kc6 37. Ke3 h4 38. Ne2 Rf1 39. Re4 g5 40. d4 cxd4+ 41. Rxd4 Ra1 42. Rd2 g4 43. hxg4 Bxg4 44. Kf4 Bd7 45. Kg5 h3 46. gxh3 Bxh3 47. Kf4 Kc5 48. Ke3 Be6 49. Nd4 Bd5 50. Kd3 Re1 51. Re2 Rd1+ 52. Kc2 Ra1 53. Kb2 Rg1 54. a3 Rg3 55. Nc2 Rg5 56. a4 Rg3 57. Re5 Kd6 58. Rh5 Rg2 59. Rh6+ Kc7 60. Rh4 Kb6 61. c4 Bf3 62. Kc3 Rg3 63. Kd4 Bd1 64. c5+ Kc6 65. Ne3 Bxb3 66. Rh6+ Kc7 67. Ra6 Bxa4 68. Rxa5 Bc6 69. Ra7+ Bb7 70. Ra3 Rg5 71. Rc3 Bc6 72. Ra3 Bb7 73. Ra1 Kc6 74. Rf1 Rxc5 75. Rf6+ 1/2-1/2

[Event "GRE-chT 40th"]
[Site "Achaia"]
[Date "2012.07.04"]
[Round "6.5"]
[White "Kalogeris, Ioannis"]
[Black "Samakas, Stavros"]
[Result "1-0"]
[WhiteElo "1903"]
[BlackElo "1450"]
[PlyCount "98"]
[EventDate "2012.06.30"]
[EventType "team-swiss"]
[EventRounds "7"]
[EventCountry "GRE"]
[SourceTitle "CBM 149 Extra"]
[Source "ChessBase"]
[SourceDate "2012.08.24"]
[SourceVersion "1"]
[SourceVersionDate "2012.08.24"]
[SourceQuality "1"]
[WhiteTeam "Chania Kydon"]
[BlackTeam "Polichnis"]
[WhiteTeamCountry "GRE"]
[BlackTeamCountry "GRE"]

1. g3 d5 2. Nf3 Nf6 3. Bg2 Bg4 4. 0-0 e6 5. b3 Be7 6. Bb2 0-0 7. Ne5 Bf5 8. d3 Nbd7 9. f4 h6 10. c4 c6 11. h3 Nxe5 12. fxe5 Nd7 13. Nd2 Qc7 14. d4 f6 15. g4 Bh7 16. exf6 Bxf6 17. Kh1 Nb6 18. Rc1 dxc4 19. Nxc4 Nd5 20. e4 Ne7 21. Qe2 Rad8 22. Rcd1 Ng6 23. e5 Be7 24. Be4 Rxf1+ 25. Qxf1 Nf8 26. Bg2 Ng6 27. Be4 Nf8 28. Qf3 Bxe4 29. Qxe4 Nh7 30. Rf1 Rf8 31. Rxf8+ Bxf8 32. Qg6 Qd7 33. Qe4 Ng5 34. Qg2 c5 35. h4 Nf7 36. Qf2 Qd5+ 37. Kh2 cxd4 38. Bxd4 b5 39. Nd2 Nxe5 40. Bxe5 Qxe5+ 41. Kh3 Bc5 42. Qf3 Qd5 43. Ne4 Bb6 44. Kg3 Qe5+ 45. Kh3 Bc7 46. g5 h5 47. Qe2 Qf4 48. b4 a6 49. a3 Bb8 1-0